Estatísticas para Clubes de Futebol Pelos Quais Ronaldinho Gaúcho Jogou

Clique aqui para jogar o quiz

Estatísticas Gerais

  • Esse quiz foi jogado 4 414 vezes
  • A pontuação média é 8 de 9

Estatísticas das Respostas

AnosJogosGolsClube% Correto
2003-200814570Barcelona
99%
2011-20123315Flamengo
95%
1998-20015221Grêmio
93%
2012-20144816Atlético Mineiro
92%
2008-20117620AC Milan
90%
2001-20035517Paris Saint-Germain
84%
201570Fluminense
79%
1998-2013 (Internacional)9733Brasil
74%
2014-2015258Querétaro
52%

Distribuição das Pontuações

Percentil de Números Respondidos

Porcentagem de Pessoas com Cada Pontuação

Sua Pontuação Histórica

Você não jogou esse quiz